Các văn bản pháp luật về doanh nghiệp nhà nước; T3

שמור ב:
מידע ביבליוגרפי
פורמט: ספר
שפה:Undetermined
יצא לאור: Hà Nội Pháp lí 1992
נושאים:
תגים: הוספת תג
אין תגיות, היה/י הראשונ/ה לתייג את הרשומה!
Thư viện lưu trữ: Trung tâm Học liệu Trường Đại học Cần Thơ
LEADER 00503nam a2200157Ia 4500
001 CTU_5960
008 210402s9999 xx 000 0 und d
082 |a 346.066 
082 |b C101 
245 0 |a Các văn bản pháp luật về doanh nghiệp nhà nước; T3 
260 |a Hà Nội 
260 |b Pháp lí 
260 |c 1992 
650 |a vietnam - economic policy - 1986 - 
904 |i Nguyễn Quang Điền, 960807 
980 |a Trung tâm Học liệu Trường Đại học Cần Thơ